Οι κατά μόνας ηδονές : πολιτισμική ιστορία του αυνανισμού

Αποθηκεύτηκε σε:
Λεπτομέρειες βιβλιογραφικής εγγραφής
Κύριος συγγραφέας: Laqueur, Thomas Walter
Άλλοι συγγραφείς: Μαρκέτου, Πελαγία (trlf)
Μορφή: Βιβλίο
Γλώσσα:Greek
English
Δημοσίευση: Αθήνα : Νεφέλη, 2006.
Σειρά:(Ιστορία / Νεφέλη)
Θέματα:
Ετικέτες: Προσθήκη ετικέτας
Δεν υπάρχουν, Καταχωρήστε ετικέτα πρώτοι!

MARC

LEADER 00000cam a2200000 i 4500
001 1/45265
008 070531s2006 gr | ||| |||| ||gre||
020 |a 9602118113 
035 |l 10088075 
040 |a GR-MyUa  |b gre  |e AACR2 
041 1 |a gre  |h eng 
082 7 |a 306.772   |2 (22) 
100 1 |a Laqueur, Thomas Walter. 
245 1 3 |a Οι κατά μόνας ηδονές :   |b πολιτισμική ιστορία του αυνανισμού /   |c Thomas W. Laquer ; μετάφραση: Πελαγία Μαρκέτου. 
260 |a Αθήνα :   |b Νεφέλη,   |c 2006. 
300 |a 520 σ. :   |b εικ. ;   |c 24 εκ. 
490 1 |a (Ιστορία / Νεφέλη) 
500 |a Περιλαμβάνει ευρετήριο. 
650 0 |a Masturbation  |x History. 
650 0 |a Sex  |x Religious aspects. 
650 0 |a Masturbation in literature. 
700 1 |a Μαρκέτου, Πελαγία,  |e trlf 
765 0 8 |i Μετάφραση του:   |t Solitary sex :  
852 |a INST  |b LESVOS  |e 20070531  |h 306.772 LAQ  |p 005100038532  |q 005100038532  |t BK  |y 0 
901 |a BIBL1-2007-2 
920 |a ΕΠΕΑΕΚ ΠΜΣ ΓΥΝΑΙΚΕΣ KAI ΦΥΛΑ  |y Λέσβος  |z 2007-05 
970 |a ΧΑΤΖΗΜΙΧΑΗΛ  |b ΜΑΡΙΑ  |z 2007/05/31